| Tag |
First Indicator |
Second Indicator |
Subfields |
| LEADER |
00000cam a2200000 a 4500 |
| 001 |
in00000023789 |
| 005 |
20151007054328.0 |
| 007 |
he bmb||||||| |
| 008 |
860430r19861983oru bb 00010 eng d |
| 035 |
|
|
|a (OCoLC)13511875
|
| 035 |
|
|
|9 AAB4707AM
|
| 040 |
|
|
|a ORU
|c MIA
|d MIA
|d HPE
|d TXA
|d UtOrBLW
|
| 049 |
|
|
|a TXAI
|
| 099 |
|
|
|a fiche
|a C
|a 9404
|
| 100 |
1 |
|
|a Cawley, Lynn Marie.
|
| 245 |
1 |
0 |
|a Comparison of fitness levels of fifth grade boys and girls :
|b in a continuous physical education program, a one-year physical education program and no physical education program /
|c by Lynn Marie Cawley.
|
| 264 |
|
1 |
|a [Place of publication not identified] :
|b [publisher not identified] ;
|c 1983.
|
| 300 |
|
|
|a vi, 66 leaves.
|
| 336 |
|
|
|a text
|b txt
|2 rdacontent
|
| 337 |
|
|
|a microform
|b h
|2 rdamedia
|
| 338 |
|
|
|a microfiche
|b he
|2 rdacarrier
|
| 502 |
|
|
|b M.S.
|c Winthrop College
|d 1983.
|
| 504 |
|
|
|a Bibliography: leaves 46-48.
|
| 533 |
|
|
|a Microfiche.
|b Eugene :
|c Microform Publications, College of Human Development and Performance, University of Oregon,
|d 1986.
|e 1 microfiche : negative ; 11 x 15 cm.
|
| 500 |
|
|
|a Microform.
|
| 650 |
|
0 |
|a Physical fitness for children.
|
| 650 |
|
0 |
|a Physical education for children.
|
| 999 |
|
|
|a MARS
|
| 999 |
f |
f |
|s 49ceec91-e758-3238-9024-5122fd0f0220
|i 7a3c8cbb-23c1-365a-bf1d-ab1e56dee3a2
|t 0
|
| 952 |
f |
f |
|p normal
|a Texas A&M University
|b College Station
|c Sterling C. Evans Library
|d Evans: Microforms (3rd floor)
|t 0
|e fiche C 9404
|h Other scheme
|i microform -- microfiche
|m A14823240935
|
| 998 |
f |
f |
|a fiche C 9404
|t 0
|l Evans: Microforms (3rd floor)
|